Trading in Options <An> Investor's Guide to Making High Profits in the Traded Options Market

Gespeichert in:
Bibliographische Detailangaben
1. Verfasser: Chamberlain, Geoffrey
Format: Buch
Sprache:Englisch
Veröffentlicht: New York Woodhead-Faulkner 1990
Ausgabe:3. ed.
Tags: Tag hinzufügen
Keine Tags, Fügen Sie das erste Tag hinzu!

MARC

LEADER 00000nam a2200000 4500
001 c037499
005 20221215114548.3
041 0 |a eng 
044 |a US 
245 1 0 |a Trading in Options  |b <An> Investor's Guide to Making High Profits in the Traded Options Market  |c Geoffrey Chamberlain 
250 |a 3. ed. 
264 1 |a New York  |b Woodhead-Faulkner  |c 1990 
300 |a 152 s. 
100 1 |a Chamberlain, Geoffrey